10 Decades of Baby Names (Girls) Quiz Stats

Quiz Updated Feb 20, 2014

Challenge
Share
Tweet
Embed
Score 0/200 Timer 10:00
8 Plays Today
% Correct
Mary
89.6%
Mary
89.6%
Mary
89.6%
Mary
89.5%
Mary
89.5%
Mary
89.5%
Mary
89.5%
Elizabeth
85.5%
Elizabeth
85.5%
Elizabeth
85.5%
Elizabeth
85.5%
Elizabeth
85.5%
Elizabeth
85.5%
Elizabeth
85.5%
Elizabeth
85.5%
Elizabeth
85.5%
Sarah
80.5%
Sarah
80.5%
Sarah
80.5%
Jennifer
79.2%
Jennifer
79.2%
Jennifer
79.2%
Anna
75.2%
Anna
75.2%
Emily
74.8%
Emily
74.8%
Jessica
74.1%
Jessica
74.1%
Jessica
74.1%
Emma
70.5%
Susan
69.3%
Susan
69.3%
Susan
69.3%
Laura
67.6%
Margaret
66.9%
Margaret
66.9%
Margaret
66.9%
Margaret
66.9%
Margaret
66.9%
Rachel
65.7%
Carol
63.7%
Carol
63.7%
Lisa
62.2%
Lisa
62.2%
Lisa
62.2%
Hannah
62.2%
Julie
61.1%
Rebecca
60.6%
Michelle
60%
Michelle
60%
Amy
59.3%
Amy
59.3%
Patricia
59.1%
Patricia
59.1%
Patricia
59.1%
Patricia
59.1%
Marie
58.9%
Marie
58.9%
Joan
58.9%
Joan
58.9%
Lauren
58.9%
Lauren
58.9%
Amanda
58.6%
Amanda
58.6%
Linda
58.5%
Linda
58.4%
Linda
58.4%
% Correct
Samantha
57.2%
Samantha
57.2%
Christina
57.2%
Christine
57.2%
Rose
56.6%
Rose
56.6%
Victoria
56.6%
Olivia
56.3%
Ashley
56.1%
Ashley
56.1%
Barbara
55.8%
Barbara
55.8%
Barbara
55.8%
Barbara
55.8%
Stephanie
54.1%
Stephanie
54.1%
Stephanie
54.1%
Helen
53.6%
Helen
53.6%
Helen
53.6%
Helen
53.6%
Melissa
53%
Melissa
53%
Melissa
53%
Karen
52.2%
Karen
52.2%
Karen
52.2%
Megan
51.3%
Megan
51.3%
Grace
51%
Janet
50.8%
Janet
50.8%
Nicole
50.2%
Nicole
50.2%
Nancy
50.1%
Nancy
50.1%
Nancy
50.1%
Madison
49.4%
Betty
49.4%
Betty
49.4%
Betty
49.4%
Deborah
48.4%
Deborah
48.4%
Diane
48.4%
Kelly
48%
Kelly
48%
Alice
48%
Alice
48%
Alice
48%
Ruth
47.9%
Ruth
47.9%
Ruth
47.9%
Jean
47.5%
Abigail
45.4%
Kimberly
45.2%
Kimberly
45.2%
Heather
44.9%
Donna
44.9%
Donna
44.9%
Heather
44.9%
Heather
44.7%
Sandra
44.6%
Sandra
44.6%
Sandra
44.6%
Annie
44.2%
Danielle
43.2%
Sharon
43.1%
% Correct
Sharon
43.1%
Sharon
43.1%
Dorothy
42.5%
Dorothy
42.5%
Dorothy
42.5%
Dorothy
42.5%
Frances
42.3%
Frances
42.3%
Frances
42.3%
Brittany
42.1%
Angela
42.1%
Angela
42.1%
Louise
40.8%
Louise
40.8%
Erin
39.5%
Carolyn
38.5%
Carolyn
38.5%
Judy
37.9%
Kathleen
37.7%
Pamela
37.4%
Pamela
37.4%
Evelyn
36.8%
Debra
36.8%
Evelyn
36.8%
Evelyn
36.8%
Brenda
36.4%
Brenda
36.4%
Judith
36.3%
Teresa
35.2%
Amber
34.6%
Alexis
33.7%
Taylor
33.7%
Cynthia
33.1%
Tiffany
32.6%
Courtney
31.6%
Alyssa
31.2%
Doris
31%
Doris
31%
Cheryl
29.4%
Tracy
29.4%
Lillian
29.3%
Lillian
29.3%
Lori
29.2%
Shirley
29.1%
Shirley
29.1%
Shirley
29.1%
Brianna
28.9%
Kayla
28.7%
Kayla
28.7%
Virginia
28.4%
Virginia
28.4%
Ethel
28.1%
Irene
28%
Edna
27.4%
Joyce
26.8%
Joyce
26.8%
Florence
26.3%
Florence
26.3%
Mildred
26.1%
Mildred
26.1%
Lois
25.3%
Tammy
25.1%
Dawn
24%
Crystal
23.3%
Gladys
20.3%
Dolores
17.6%

You're not logged in!

Compare scores with friends on all Sporcle quizzes.
Join for Free
OR
Log In

You Might Also Like...

Show Comments

Extras

Top Quizzes Today


Score Distribution

Your Account Isn't Verified!

In order to create a playlist on Sporcle, you need to verify the email address you used during registration. Go to your Sporcle Settings to finish the process.

Report this User

Report this user for behavior that violates our Community Guidelines.

Details: